The entrepreneur's growth startup handbook 7 secrets to venture funding and successful growth /

Bibliographic Details
Main Author: Feldman, David N.
Corporate Author: ProQuest (Firm)
Format: Electronic eBook
Language:English
Published: Hoboken, N.J. : Wiley, 2013.
Series:Bloomberg financial series
Subjects:
Online Access:Click to View
LEADER 01567nam a2200409 a 4500
001 EBC1469447
003 MiAaPQ
005 20200520144314.0
006 m o d |
007 cr cn|||||||||
008 130831s2013 nju s 001 0 eng d
020 |z 9781118445655 (hardcover) 
020 |a 9781118643051 (electronic bk.) 
035 |a (MiAaPQ)EBC1469447 
035 |a (Au-PeEL)EBL1469447 
035 |a (CaPaEBR)ebr10748742 
035 |a (CaONFJC)MIL511712 
035 |a (OCoLC)856932835 
040 |a MiAaPQ  |c MiAaPQ  |d MiAaPQ 
050 4 |a HD62.5  |b .F45 2013 
082 0 4 |a 658.421  |2 23 
100 1 |a Feldman, David N. 
245 1 4 |a The entrepreneur's growth startup handbook  |h [electronic resource] :  |b 7 secrets to venture funding and successful growth /  |c David N. Feldman. 
246 3 |a Entrepreneur's growth startup handbook :  |b seven secrets to venture funding and successful growth 
260 |a Hoboken, N.J. :  |b Wiley,  |c 2013. 
300 |a x, 179 p. 
440 0 |a Bloomberg financial series 
500 |a Includes index. 
533 |a Electronic reproduction. Ann Arbor, MI : ProQuest, 2015. Available via World Wide Web. Access may be limited to ProQuest affiliated libraries. 
650 0 |a New business enterprises  |x Management. 
650 0 |a New business enterprises  |x Finance. 
650 0 |a Entrepreneurship. 
650 0 |a Venture capital. 
650 0 |a Success in business. 
655 4 |a Electronic books. 
710 2 |a ProQuest (Firm) 
856 4 0 |u https://ebookcentral.proquest.com/lib/matrademy/detail.action?docID=1469447  |z Click to View